Načítá se...

Sql Server 2005

Podrobná bibliografie
Hlavní autor: Gunderloy, Mike
Médium: Printed Book
Vydáno: Wiley- India Pvt Ltd 2006
LEADER 00411nam a2200121 4500
082 |a 005.7585 SQL 
100 |a Gunderloy, Mike  
245 |a Sql Server 2005  |c Mike Gunderloy  |h [Text] 
260 |b Wiley- India Pvt Ltd  |c 2006 
300 |a Paper back 
942 |c BK 
999 |c 83791  |d 83791 
952 |0 0  |1 0  |4 0  |6 005_758500000000000_SQL  |7 0  |9 76052  |a SOCS  |b SOCS  |d 2015-06-11  |g 250.00  |l 0  |o 005.7585 SQL  |p SOCS3095  |r 2015-06-11  |w 2015-06-11  |y BK